[Event "FRA-chT U20 16 GP Basse 1213"]
[Site "France"]
[Date "2013.05.19"]
[Round "10.6"]
[White "Perisse, Matteo"]
[Black "Evrat, Baudouin"]
[Result "1/2-1/2"]
[WhiteElo "1190"]
[BlackElo "1099"]
[PlyCount "110"]
[EventDate "2012.12.01"]
[EventType "team"]
[EventRounds "11"]
[EventCountry "FRA"]
[SourceTitle "EXT 2014"]
[Source "ChessBase"]
[SourceDate "2013.11.20"]
[SourceVersion "1"]
[SourceVersionDate "2013.11.20"]
[SourceQuality "1"]
[WhiteTeam "Vandoeuvre U20"]
[BlackTeam "Tours (U20)"]
[WhiteTeamCountry "FRA"]
[BlackTeamCountry "FRA"]

1. d4 Nf6 2. Nf3 d5 3. e3 Bg4 4. Be2 c5 5. 0-0 Nc6 6. b3 Qb6 7. Bb2 cxd4 8. exd4 g6 9. Nbd2 Bg7 10. h3 Bf5 11. Nb1 Ne4 12. Ne5 0-0 13. f4 Bxe5 14. fxe5 Rac8 15. Kh2 Nb4 16. c3 Na6 17. Bg4 Bxg4 18. Qxg4 Qb5 19. Re1 Qd3 20. Qf3 Qxf3 21. gxf3 Ng5 22. Nd2 Nc7 23. f4 Nge6 24. Kg3 Nb5 25. Rac1 Rc7 26. a4 Nbxd4 27. cxd4 Rxc1 28. Rxc1 h5 29. Ba3 Re8 30. Nf3 f6 31. Re1 f5 32. Bb2 Rc8 33. Re2 Kg7 34. Nh4 Rc6 35. Nf3 Rb6 36. Re3 Rb4 37. h4 Kf7 38. Ng5+ Nxg5 39. hxg5 a6 40. e6+ Ke8 41. Ba3 Rxd4 42. Bb2 Rb4 43. Ba3 Re4 44. Rxe4 dxe4 45. Kf2 Kd8 46. Bb4 b5 47. a5 Ke8 48. Be1 Kd8 49. Ke3 Kc7 50. Kd4 Kc6 51. Ke5 Kc5 52. b4+ Kc4 53. Bf2 Kd3 54. Kd5 e3 55. Bh4 Kd2 1/2-1/2

[Event "FRA-chT U20 GpB 1213"]
[Site "France"]
[Date "2013.01.06"]
[Round "7"]
[White "Evrat, Baudouin"]
[Black "Lux, Hugo de Melo"]
[Result "0-1"]
[WhiteElo "1099"]
[BlackElo "1652"]
[PlyCount "82"]
[EventDate "2012.12.01"]
[EventType "team"]
[EventRounds "7"]
[EventCountry "FRA"]
[SourceTitle "EXT 2014"]
[Source "ChessBase"]
[SourceDate "2013.11.20"]
[SourceVersion "1"]
[SourceVersionDate "2013.11.20"]
[SourceQuality "1"]
[WhiteTeam "Tours (U20)"]
[BlackTeam "Lutece (U20)"]
[WhiteTeamCountry "FRA"]
[BlackTeamCountry "FRA"]

1. e4 e5 2. Nf3 Nc6 3. Bb5 a6 4. Bxc6 dxc6 5. Nxe5 Qd4 6. Nf3 Qxe4+ 7. Qe2 Qxe2+ 8. Kxe2 Bg4 9. Re1 0-0-0 10. Kf1 Bxf3 11. gxf3 Bd6 12. h3 Ne7 13. Nc3 Nf5 14. d3 Nd4 15. Re3 Nxc2 16. Re2 Nxa1 17. Be3 Rhe8 18. Ke1 Bb4 19. Kd1 Rxd3+ 20. Kc1 Bxc3 21. bxc3 Rxc3+ 22. Kb2 Rc2+ 23. Rxc2 Nxc2 24. Kxc2 Re5 25. h4 Rh5 26. Bd4 f6 27. f4 Rxh4 28. Be3 Rh3 29. Kd3 Kd7 30. Kd4 Kd6 31. a4 Rxe3 32. fxe3 b5 33. axb5 cxb5 34. e4 c5+ 35. Kc3 h5 36. Kb3 h4 37. Kc3 h3 38. e5+ fxe5 39. fxe5+ Kxe5 40. Kb3 h2 41. Kc3 h1Q 0-1

[Event "FRA-chT U20 GpB 1213"]
[Site "France"]
[Date "2012.12.02"]
[Round "3.6"]
[White "Travadon, Loic"]
[Black "Evrat, Baudouin"]
[Result "1-0"]
[WhiteElo "1546"]
[BlackElo "1099"]
[PlyCount "59"]
[EventDate "2012.12.01"]
[EventType "team"]
[EventRounds "7"]
[EventCountry "FRA"]
[SourceTitle "EXT 2014"]
[Source "ChessBase"]
[SourceDate "2013.11.20"]
[SourceVersion "1"]
[SourceVersionDate "2013.11.20"]
[SourceQuality "1"]
[WhiteTeam "Bois Colombes (U20)"]
[BlackTeam "Tours (U20)"]
[WhiteTeamCountry "FRA"]
[BlackTeamCountry "FRA"]

1. Nf3 Nc6 2. e4 e5 3. Bc4 Bc5 4. c3 d6 5. d4 exd4 6. cxd4 Bb4+ 7. Bd2 Nf6 8. Bxb4 Nxb4 9. Bxf7+ Kxf7 10. Qb3+ Nbd5 11. Ng5+ Ke8 12. Nc3 Qe7 13. Nxd5 Nxd5 14. Qxd5 c6 15. Qa5 b6 16. Qc3 Bd7 17. Qe3 h6 18. Nf3 Bg4 19. 0-0 Rf8 20. Nd2 Bd7 21. Rae1 Bc8 22. f4 Kf7 23. Rf3 Kg8 24. Rg3 Be6 25. f5 Bxa2 26. b3 Qb7 27. Ra1 Qa6 28. Qxh6 Rf7 29. f6 Kf8 30. Qh8# 1-0